| 000 | 00543nam a2200205 a 4500 | ||
|---|---|---|---|
| 001 | 0001-1545 | ||
| 003 | ELIB.Books | ||
| 008 | 170523 2010 eng | ||
| 020 | _a1561010561 | ||
| 092 | _a253.53 Gue | ||
| 100 | _aGuenther,Margaret. | ||
| 245 |
_aHoly Listening _bThe Art of Spiritual Direction |
||
| 260 |
_aCambridge _bCowley Publicaitons _c1992 |
||
| 300 |
_a146 _c21.5cm |
||
| 650 | _aSpiritual Direction | ||
| 942 |
_2ddc _cBK |
||
| 990 | _a1 | ||
| 998 |
_aEnglishbooks.elf _ccat _e2017-05-23 |
||
| 999 |
_c11545 _d11545 |
||